000 01005nam a22002778a 4500
001 1437958
003 CO-ViMGA
005 20230915233613.0
008 151016s2014 ck o gr 00010 spa d
020 _a9789583044359
040 _aCO-ViMGA
_bspa
_cCO-ViMGA
082 0 4 _a597.8
_bN43r
_221
100 1 _aNiekisch, Manfred.
_9844
245 1 0 _aReptiles y anfibios /
_cManfred Niekisch ; ilustrador Manfred Kostka ; traductor Rafael Dia̕z.
250 _aEditor Cesar Alberto Cardozo Tovar.
260 _aBogot :̀
_bPanamericana Editorial,
_c2014.
300 _a47 páginas :
_bilustraciones, fotografías ;
_c28 cm.
500 _aIncluye índice onomástico.
650 1 4 _aReptiles
_v Literatura juvenil.
_9846
650 1 4 _aAnfibios
_v Literatura juvenil.
_9845
650 1 4 _aDiversidad biológica
_v Literatura juvenil.
_9847
700 1 _aCardozo, Cesar,
_eeditor.
_9106
700 1 _aDia̕z, Rafael,
_etraductor.
_9849
700 1 _aKostka, Manfred,
_eilustradora.
_9848
942 _2ddc
_cBK
999 _c37317
_d37317